00524nam a22001457a 4500003000900000005001700009007000300026008003800029040002500067082000700092100002800099245012800127260008500255300003800340DO-SdBNP20230417085321.0ta201214b1989 dr acd 00| 0 eng d aDO-SdBNPbspacBNPHU 42221 a Pérez Sierra, Rafael10aXII Festival Internacional de Teatro Clásico de Almagro, del 7 al 27 de julio de 1989 /cdirector, Rafael Pérez Sierra. aMadrid : bInstituto Nacional de las Artes Escénicas y de la Música, c1989. a[60] p. : bil., retrs. c30 cm.